000 00637nam a22002172 4500
001 0000000308
005 20151021151045.0
008 070122s xx 000 0 eng d
020 _a817853018X :
_cKES
040 _aKABU
_cKABU
050 0 _aQA76.9
_b.D5E33
100 1 _aEddon, Guy.
_@0000148428
245 1 0 _aInside distributed COM /
_cGuy Eddon, Henry Eddon.
260 _aBangalore :
_bWPP,
_c1998.
300 _axvi, 551 p.
650 0 _aDCom (Computer architecture)
_@0000148429
700 1 _aEddon, Henry.
_@0000148430
908 _a070122
950 _@1
999 _c167
_d167